005030000a22001570004500020001800000041000800018082001900026100003000045245012600075260003400201300001700235001000500252336002700257337003300284338002800317 a0-87630-199-50 aENG04aG 362.82 J176m1 aJacobson, Neil S. (1949-)10aMarital therapy : Strategies based on social learning and behavior exchange principles / Neil S. Jacobson, Gayla Margolin aNew York, N.Y., USA : Brunner aXV, 415 Pag9783 atextobtxt2rdacontent 2rdamediaasin mediaciónbn 2rdacarrieravolumenbnc